logo image

Corporate Accounting (Record no. 44364)

MARC details
000 -LEADER
fixed length control field 00399nam a22001697a 4500
003 - CONTROL NUMBER IDENTIFIER
control field OSt
005 - DATE AND TIME OF LATEST TRANSACTION
control field 20260402161751.0
008 - FIXED-LENGTH DATA ELEMENTS--GENERAL INFORMATION
fixed length control field 260402b |||||||| |||| 00| 0 eng d
020 ## - INTERNATIONAL STANDARD BOOK NUMBER
International Standard Book Number 9789355017567
040 ## - CATALOGING SOURCE
Transcribing agency BGL
082 ## - DEWEY DECIMAL CLASSIFICATION NUMBER
Classification number 657 TUL:C
100 ## - MAIN ENTRY--PERSONAL NAME
Personal name Tulsian P.C
245 ## - TITLE STATEMENT
Title Corporate Accounting
260 ## - PUBLICATION, DISTRIBUTION, ETC.
Place of publication, distribution, etc. New Delhi
Name of publisher, distributor, etc. S.Chand and Company
Date of publication, distribution, etc. 2023
650 ## - SUBJECT ADDED ENTRY--TOPICAL TERM
Topical term or geographic name entry element Commerce
942 ## - ADDED ENTRY ELEMENTS (KOHA)
Source of classification or shelving scheme Dewey Decimal Classification
Koha item type GB
Holdings
Withdrawn status Lost status Source of classification or shelving scheme Damaged status Not for loan Home library Current library Date acquired Source of acquisition Cost, normal purchase price Discount Net Cost Total Checkouts Full call number Barcode Checked out Date last seen Date last checked out Cost, replacement price Price effective from Koha item type
    Dewey Decimal Classification     BGL BGL 19.03.2026 United Book: 45/385 1095.00 20% 876.00 1 657 TUL:C 69630 30.04.2026 16.04.2026 16.04.2026 1095.00 02.04.2026 GB
    Dewey Decimal Classification     BGL BGL 19.03.2026 United Book: 45/385 1095.00 20% 876.00 1 657 TUL:C 69631 30.04.2026 16.04.2026 16.04.2026 1095.00 02.04.2026 GB
    Dewey Decimal Classification     BGL BGL 19.03.2026 United Book: 45/385 1095.00 20% 876.00 1 657 TUL:C 69632 01.05.2026 17.04.2026 17.04.2026 1095.00 02.04.2026 GB
    Dewey Decimal Classification     BGL BGL 19.03.2026 United Book: 45/385 1095.00 20% 876.00 1 657 TUL:C 69633 30.04.2026 16.04.2026 16.04.2026 1095.00 02.04.2026 GB
    Dewey Decimal Classification     BGL BGL 19.03.2026 United Book: 45/385 1095.00 20% 876.00   657 TUL:C 69634   02.04.2026   1095.00 02.04.2026 GB

Powered by Koha